00850nam a2200217 a 4500001001000000003000900010005001700019007000300036008004100039040002500080082003100105100003000136245015000166250002800316260003600344300003400380500007400414650004900488651006200537700003300599000026094DO-SdBNP20250618124258.0ta110301s1993 dr ab 000 0 spa d aDO-SdBNPbspacBNPHU 4a972.93053bB796c, 19932221 aBrache B. Anselmo,d1935-10aConstanza, Maimón y Estero Hondo :btestimonios e investigación sobre los acontecimientos /cAnselmo Brache B. ; prólogo Juan José Ayuso. a2a ed. ampliada y corr. aSanto Domingo :bTaller,c1993. a344 p. :bil., mapa ;c23 cm. aIncluye referencias bibliográficas y notas al pie de las páginas. 4aGuerrillaszRepública DominicanaxHistoria 0aRepública Dominicana --xHistoria --yInvasión , 19591 aAyuso, Juan José,epról.